Introduction to statistical analysis and inference for psychology and education /

Bibliographic Details
Main Author: Armore, Sidney J., 1914-
Format: Book
Language:English
Published: New York : Wiley, [1966]
Subjects:

MARC

Tag First Indicator Second Indicator Subfields
LEADER 00000cam a22000001 4500
001 in00000053043
005 20151007080416.0
008 731212s1966 nyua 00010 eng
010 |a  66022834  
035 |a (OCoLC)00166152 
035 |9 AAF4764AM 
040 |a DLC  |c DLC  |d TXA  |d UtOrBLW 
049 |a TXAM  |c [469063] 
050 0 0 |a HA29  |b .A72 
082 0 |a 311/.2 
092 |a 311.2  |b A733i 
100 1 |a Armore, Sidney J.,  |d 1914- 
245 1 0 |a Introduction to statistical analysis and inference for psychology and education /  |c [by] Sidney J. Armore. 
264 1 |a New York :  |b Wiley,  |c [1966] 
300 |a xx, 546 pages :  |b illustrations ;  |c 24 cm. 
336 |a text  |b txt  |2 rdacontent 
337 |a unmediated  |b n  |2 rdamedia 
338 |a volume  |b nc  |2 rdacarrier 
650 0 |a Statistics. 
650 0 |a Mathematical statistics. 
740 0 |a Statistical analysis and inference for psychology and education. 
999 |a MARS 
999 f f |s f6676b0d-5e1c-37af-bbb7-f2dff511472f  |i 60af9429-519e-37cf-9f8d-f5e959201d45  |t 0 
952 f f |p ric  |a Texas A&M University  |b Rellis Campus  |c Joint Library Facility  |d Remote Storage  |t 0  |e HA29 .A72  |h Library of Congress classification  |i unmediated -- volume  |m A14800652707 
998 f f |a HA29 .A72  |t 0  |l Remote Storage